A válaszút előtt tanácsadással vagy nélküle?

Bibliográfiai részletek
Szerző: Seben Dominik
További közreműködők: Pecze Dr. Krisztina
Tilles Anna Csillag
Dokumentumtípus: TDK dolgozat
Kulcsszavak:adó
kis- és középvállalkozás - KKV
pénzügy
számvitel
tanácsadás
Online Access:http://dolgozattar.uni-bge.hu/60410

MARC

LEADER 00000nta a2200000 i 4500
001 dolg60410
005 20260416073640.0
008 260416suuuu hu o 000 hun d
040 |a BGE Dolgozattár Repozitórium  |b hun 
041 |a hu 
100 1 |a Seben Dominik 
245 1 2 |a A válaszút előtt  |b tanácsadással vagy nélküle?  |c Seben Dominik  |h [elektronikus dokumentum] 
516 |a Students_Scientific_Association_paper 
520 3 |a SEBEN DOMINIK7. aktív félévGazdálkodási és menedzsment szakBGE MKKonzulens:Dr. Pecze Krisztinafőiskolai docensBGE MKVállakozás és Innováció TanszékA VÁLASZÚT ELŐTT: TANÁCSADÁSSAL VAGY NÉLKÜLE? A dolgozat a magyarországi kis- és középvállalkozások (továbbiakban: KKV) azon körére fókuszál, amelyek mindennapi működésében meghatározó szerepet tölthetne be a pénzügyi, adó- és számviteli tanácsadói támogatás. E vállalatok jellemzően olyan szervezetek, amelyek tevékenységük összetettsége által rendszeresen szembesülnek stratégiai és adminisztratív döntési kihívásokkal, így a tanácsadói szolgáltatások igénybevétele közvetlenül hozzájárulhatna működésük hatékonyságához és pénzügyi stabilitásához. A vizsgálat kiterjed azokra a vállalkozásokra, amelyek nem élnek aktívan e szolgáltatásokkal, annak ellenére, hogy megfelelnek a fentiekben leírtaknak. A tanulmány fókuszában az említett csoportba tartozó vállalkozások pénzügyi, adó- és számviteli tanácsadási szolgáltatások iránti keresletének vizsgálata áll. A kutatás célja annak feltárása, hogy milyen tényezők gátolhatják a tanácsadói szolgáltatások igénybevételét, mi húzódik meg a tanácsadók iránti vélhető bizalmatlanság hátterében, illetve milyen megoldások járulhatnak hozzá a tanácsadói szerep megerősítéséhez a hazai gazdasági környezetben. A kutatás során alkalmazott kvalitatív módszerek a szakirodalmi áttekintésre épülnek, félig strukturált interjúkat és kvantitatív kérdőíves vizsgálatot foglalnak magukban. A mélyebb megértés érdekében a vizsgálat egy esettanulmány elemzéssel is kiegészül, amely hozzájárulhat az eredmények árnyaltabb és tágabb kontextusban történő értelmezéséhez. A kutatás során a kvalitatív módszerek alkalmazását indokolja, hogy ezek lehetővé teszik a vizsgált jelenségek mélyebb, kontextuális feltárását. A félig strukturált interjúk alkalmasak arra, hogy a résztvevők tapasztalataik és nézőpontjaik alapján árnyalt képet rajzoljanak a témáról, míg a kérdőíves vizsgálat kiegészítő jelleggel segíti az általános mintázatok azonosítását. Az esettanulmány bevonása indokolt, mert lehetőséget teremt a gyakorlatban megfigyelhető folyamat részletes bemutatására, ezzel a kutatási eredmények összefüggéseinek mélyebb megértését és értelmezését. Az elemzés célja rávilágítani a gazdasági környezet bizonytalanságainak, a bizalomhiány kialakulásának, valamint a szervezeti és vezetői tényezőknek a tanácsadói kapcsolatokban betöltött szerepére. A kutatás célja annak feltárása, hogy a jelenlegi gazdasági környezetben milyen tényezők járulhatnak hozzá a tanácsadói szektor hitelességének, szakmai értékének és megbecsülésének erősítéséhez, valamint hogyan alakíthatók ki a vállalkozások és a tanácsadók között hosszú távon fenntartható, bizalmon alapuló együttműködések. Az elemzés intenciója, hogy gyakorlati iránymutatásként is szolgáljon a gazdasági szereplők és döntéshozók számára, elősegítve a bizalomépítést, a partnerségi szemlélet erősítését és a tanácsadói szolgáltatások hatékonyabb beépülését a hazai KKV-szektor működésébe. 
695 |a adó 
695 |a kis- és középvállalkozás - KKV 
695 |a pénzügy 
695 |a számvitel 
695 |a tanácsadás 
700 1 |a Pecze Dr. Krisztina  |e ths 
700 1 |a Tilles Anna Csillag  |e ths 
856 4 0 |u http://dolgozattar.uni-bge.hu/60410/1/Seben%20Dominik.pdf  |z Dokumentum-elérés 
856 4 0 |u http://dolgozattar.uni-bge.hu/60410/2/Rez%C3%BCme_Seben_Dominik_final.docx  |z Dokumentum-elérés 
856 4 0 |u http://dolgozattar.uni-bge.hu/60410/3/08_BGE%20TDK_Szerz%C5%91i%20hozz%C3%A1j%C3%A1rul%C3%A1s%20nyilatkozat%202025.docx  |z Dokumentum-elérés 
856 4 0 |u http://dolgozattar.uni-bge.hu/60410/4/SebenDominik.pdf  |z Dokumentum-elérés 
856 4 0 |u http://dolgozattar.uni-bge.hu/60410/5/05_Dolgozat_biralati_lap_2025_HU%20Seben%20Dominik.pdf  |z Dokumentum-elérés